书目信息 |
| 题名: |
建筑力学
|
|
| 作者: | 王长连 主编 | |
| 分册: | 下册 | |
| 出版信息: | 北京 清华大学出版社 2024.12 |
|
| 页数: | 205页 | |
| 开本: | 26cm | |
| 丛书名: | 高等职业教育土建类专业新形态教材 | |
| 单 册: | ||
| 中图分类: | TU311 | |
| 科图分类: | ||
| 主题词: | 建筑科学--jian zhu ke xue--力学--高等职业教育--教材 | |
| 电子资源: | ||
| ISBN: | 978-7-302-59869-5 | |
| 000 | 01000nam 2200277 450 | |
| 001 | 92308 | |
| 005 | 20250817204855.60 | |
| 010 | @a978-7-302-59869-5@dCNY45.00 | |
| 100 | @a20250214d2024 em y0chiy50 ea | |
| 101 | 0 | @achi |
| 102 | @aCN@b110000 | |
| 105 | @aa a 001yy | |
| 106 | @ar | |
| 200 | 1 | @a建筑力学@Ajian zhu li xue@h下册@f王长连主编 |
| 205 | @a第2版 | |
| 210 | @a北京@c清华大学出版社@d2024.12 | |
| 215 | @a205页@c图@d26cm | |
| 225 | 2 | @a高等职业教育土建类专业新形态教材@Agao deng zhi ye jiao yu tu jian lei zhuan ye xin xing tai jiao cai |
| 320 | @a有书目和索引 | |
| 330 | @a本书主要内容有: 平面体系的几何组成分析、静定结构的位移计算及刚度校核、力法、位移法、力矩分配法、影响线及其应用、梁和刚架的塑性分析。 | |
| 410 | 0 | @12001 @a高等职业教育土建类专业新形态教材 |
| 606 | 0 | @a建筑科学@Ajian zhu ke xue@x力学@x高等职业教育@j教材 |
| 690 | @aTU311@v5 | |
| 701 | 0 | @a王长连@Awang chang lian@4主编 |
| 801 | 0 | @aCN@c20250909 |
| 905 | @a河南城建学院图书馆@dTU311@eW120=2:2@f1 | |
| 建筑力学.下册/王长连主编.-第2版.-北京:清华大学出版社,2024.12 |
| 205页:图;26cm.-(高等职业教育土建类专业新形态教材) |
| ISBN 978-7-302-59869-5:CNY45.00 |
| 本书主要内容有: 平面体系的几何组成分析、静定结构的位移计算及刚度校核、力法、位移法、力矩分配法、影响线及其应用、梁和刚架的塑性分析。 |
| ● |
| 相关链接 |
|
|
|
正题名:建筑力学
索取号:TU311/W120=2:2
 
预约/预借
| 序号 | 登录号 | 条形码 | 馆藏地/架位号 | 状态 | 备注 |
| 1 | 1626272 | 216262728 | 建筑库101/101建筑库 78排1列1层/ [索取号:TU311/W120=2:2] | 在馆 |